000 00263nam a22001217a 4500
008 170627b xxu||||| |||| 00| 0 eng d
041 _aeng
080 _a94
100 _a18
101 _aSHH
245 _aTHE REPUBLIC OF PLATO
_cMCDONALD.F
942 _2udc
_cBK
999 _c19185
_d19185